Game of Thrones - Trône de Fer (Fr) - Statistiques

Statistiques générales
  • Ce quiz a été pris 5 040 fois
  • Le résultat moyen est 26 sur 38
Statistiques - réponses
Hint Réponse % Correct
4ème Enfant de Ned Arya
97%
3ème Enfant de Ned Sansa
96%
5ème Enfant de Ned Bran
94%
2ème Enfant de Ned Jon
92%
1er Enfant de Ned Robb
89%
Demeure des Stark Winterfell
88%
Épée d'Arya Aiguille
87%
Animal qui tue Robert Sanglier
87%
Géant qui aide Bran Hodor
84%
Prénom de la Reine Cersei
82%
Loup du 2ème Enfant Fantôme
80%
Animal chargé des messages Corbeau
78%
Nom du Trône Trône de Fer
77%
Capitale de Westeros Port Real
76%
Nom complet de Ned Eddard Stark
75%
Surnom de Gregor Clegane Montagne
75%
Surnom de Jaime Lannister Régicide
74%
Surnom de Sandor Clegane Limier
73%
Surnom de Petyr Baelish Littlefinger
73%
Roi à la mort de Robert Joffrey
72%
Devise des Stark L'Hiver Vient
72%
Dragon noir de Daenerys Drogon
69%
6ème Enfant de Ned Rickon
69%
Surnom de Loras Tyrell (Chevalier des ------) Fleurs
63%
Oncle Stark et Patrouilleur de la Garde de Nuit Benjen
60%
Loup du 5ème Enfant Été
60%
Loup du 4ème Enfant Nymeria
60%
Loup du 3ème Enfant Lady
58%
Meilleur acier pour les épées Valyrien
58%
Dragon beige de Daenerys Viserion
56%
Bâtard de Robert et ami d'Arya Gendry
53%
Main du Roi avant Ned Jon Arryn
45%
Surnom de Varys Araignée
42%
Cadeaux de mariage de Daenerys Œufs de dragons
42%
Loup du 1er Enfant Vent Gris
36%
Loup du 6ème Enfant Broussaille
35%
Dragon vert de Daenerys Rhaegal
35%
Épée de Ned Glace
25%
Aucun quiz correspondant
Distribution des résultats
% des personnes avec chaque résultat
Percentile par nombre de réponses
Votre historique - résultats
Vous n’avez pas pris ce quiz